000 00303nam a22001337a 4500
008 170831b xxu||||| |||| 00| 0 eng d
020 _a9780073526157
041 _aeng
080 _a070
100 _a40
101 _aMED
245 _aMEDIA LITERATURE AND CULTURE
_cBARAN.S.J
942 _2udc
_cBK
999 _c25678
_d25678